Normal view
MARC view
Entry Personal Name
001 - CONTROL NUMBER
- control field: 27244
003 - CONTROL NUMBER IDENTIFIER
- control field: dpl
005 - DATE AND TIME OF LATEST TRANSACTION
- control field: 20110413113035.0
008 - FIXED-LENGTH DATA ELEMENTS
- fixed length control field: 110413|||a|||||| | ||| d
040 ## - CATALOGING SOURCE
- Original cataloging agency: dpl
- Transcribing agency: dpl
100 ## - HEADING--PERSONAL NAME
- Personal name: Jain, Aranya
670 ## - SOURCE DATA FOUND
- Source citation: Work cat.: (dpl): Sedna, the goddess of the sea /, 2011
670 ## - SOURCE DATA FOUND
- Source citation: Work cat.: (dpl): Sedna, the goddess of the sea /, 2011
